| 000 | 01233nam a22002297a 4500 | ||
|---|---|---|---|
| 999 |
_c22351 _d22351 |
||
| 003 | AR-CdUCM | ||
| 008 | 190429b ||||| |||| 00| 0 spa d | ||
| 040 |
_aMUNICIPALIDAD PROVINCIAL DEL CUSCO _cBIBLIOTECA MUNICIPAL DEL CUSCO |
||
| 082 | _aClubCusco/N°1/1994 | ||
| 110 |
_aClub Cusco _947913 |
||
| 245 |
_aClub Cusco : _brevista institucional / _cClub Departamental Cusco |
||
| 260 |
_aLima. _bNavarrete, _c1994. |
||
| 300 |
_a112 páginas. : _bilustraciones en color ; _c27 cm. |
||
| 440 |
_aClub Cusco. _nN°1, 1994. _947914 |
||
| 505 | _aContenido: Festejos por los 50 años de su aniversario institucional. -- El Inti Raimy o fiesta del Sol. -- Danzas folclóricas cusqueñas. --- Santoranticuy bella muestra del arte popular. -- Culinaria cusqueña. -- Arqueología del Manu. -- Incanidad indianidad. -- José Gabriel Condorcanqui. -- Micaela Bastidas. -- Diego Quispe Titu Inga. -- Trinidad Enríquez. -- José Uriel García Ochoa. -- Humberto Vidal Unda. -- Atilio Sivirichi Tapia. -- Uriel García Cáceres. -- Luis Navarrete Lechuga. ... | ||
| 650 |
_aHistoria del Cusco _91714 |
||
| 650 |
_aHistoria institucional _947480 |
||
| 650 |
_aTurismo _947915 |
||
| 650 |
_aFolklore _947916 |
||
| 942 |
_2ddc _cPP |
||
| 945 | _arac | ||